000 00454nam a2200193Ia 4500
005 20240823051608.0
008 240823s9999||||xx |||||||||||||| ||und||
020 _a0-275-98252-1
041 _aENGLISH
082 _A174.4 P5
100 _aJoanne B Ciulla
245 0 _aEthics the Heart of Leadership
250 _a2nd
260 _c2005
_b"Rain Tree,Ch"
_aChennai
500 _aYES
650 _aEthics
_bGeneral
942 _cBK
999 _c219939
_d219939